<?xml version="1.0" encoding="UTF-8"?>
<collection xmlns="http://www.loc.gov/MARC21/slim">
<record>
  <controlfield tag="001">155060</controlfield>
  <controlfield tag="005">20250515083539.0</controlfield>
  <datafield tag="037" ind1=" " ind2=" ">
    <subfield code="a">TAZ-TFG-2023-1017</subfield>
  </datafield>
  <datafield tag="041" ind1=" " ind2=" ">
    <subfield code="a">spa</subfield>
  </datafield>
  <datafield tag="100" ind1="1" ind2=" ">
    <subfield code="a">Allué Lacasta, María</subfield>
  </datafield>
  <datafield tag="242" ind1="0" ind2="0">
    <subfield code="a">Scleroderma according to Denton's classification</subfield>
  </datafield>
  <datafield tag="245" ind1="0" ind2="0">
    <subfield code="a">Esclerodermia según la clasificación de Denton</subfield>
  </datafield>
  <datafield tag="260" ind1=" " ind2=" ">
    <subfield code="a">Zaragoza</subfield>
    <subfield code="b">Universidad de Zaragoza</subfield>
    <subfield code="c">2023</subfield>
  </datafield>
  <datafield tag="300" ind1=" " ind2=" ">
    <subfield code="e">material-fisico-adicional</subfield>
  </datafield>
  <datafield tag="500" ind1=" " ind2=" ">
    <subfield code="a">Resumen disponible también en inglés.</subfield>
  </datafield>
  <datafield tag="506" ind1=" " ind2=" ">
    <subfield code="a">by-nc-sa</subfield>
    <subfield code="b">Creative Commons</subfield>
    <subfield code="c">3.0</subfield>
    <subfield code="u">http://creativecommons.org/licenses/by-nc-sa/3.0/</subfield>
  </datafield>
  <datafield tag="520" ind1=" " ind2=" ">
    <subfield code="a">La ES (esclerosis sistémica) es una enfermedad autoinmune de origen desconocido y de curso crónico con una incidencia y prevalencia bajas; oscilando entre 7-489/millón y 0,6-122/millón respectivamente, pero con alta morbimortalidad. &lt;br />OBJETIVO:  Describir la cohorte de pacientes con ES del Hospital Clínico Universitario Lozano Blesa (HCU) de Zaragoza y extrapolarla a la serie española y a la usada en el artículo de Denton de 2020. Valorar la utilidad de la nueva clasificación en nuestra cohorte para conocer su aportación pronóstica. &lt;br />MÉTODOS:  En una cohorte de sujetos con ES se determinan las características clínicas, el subconjunto cutáneo, el tiempo de aparición de enfermedad, la complicación orgánica y los anticuerpos (Ac) específicos. Se utilizó el análisis de supervivencia para evaluar el efecto de los autoanticuerpos sobre la enfermedad orgánica y la muerte. &lt;br />RESULTADOS: El estudio incluyó a 82 sujetos con ES. Se pudo extrapolar a la serie RESCLE (Registro Español de pacientes con Esclerodermia) 2014 y a la serie de Denton publicada en 2020. Los pacientes con anticuerpos anticentrómero (ACA) y ES limitada (Esl) (n=36) tuvieron baja incidencia de patología orgánica (&lt;25%). Aquellos con anticuerpo antitopoisomerasa (ATA) y ESl (n= 2) solo asociaron patología gastrointestinal (50%). La enfermedad pulmonar intersticial difusa (EPID) se asoció a pacientes con ES difusa (ESd); 100% con ATA y ESd (n=3) y 71,4% con otros Ac y ESd (n=7). Un solo paciente de la cohorte desarrolló crisis renal esclerodérmica (CRE), con Ac Anti-RNA pol III (n=4). Los sujetos con otros Ac y Esl (n=8) desarrollaron arritmias en un 37,5%. La patología gastrointestinal (GI) tuvo altas tasas de incidencia, independientemente del Ac o de la afectación cutánea. Los sujetos con preesclerodermia (n=10) tuvieron una supervivencia del 100%. Los sine esclerodermia tuvieron un 11,11% de afectación cardiaca y un fallecimiento; sugiriendo la importancia de incluirlos en la clasificación para un diagnóstico y un tratamiento temprano. Fallecieron 19 pacientes. La mayor tasa de mortalidad se observó en los pacientes con otros Ac y ESd (71,42%) y aquellos con Ac ACA y ESl (27. %).&lt;br />CONCLUSIÓN: Sí que se ha observado el valor predictivo de los anticuerpos y de la afectación cutánea en la cohorte estudiada, teniendo en cuenta la limitación de la clasificación por la exclusión de 21 pacientes de la cohorte general debido a la falta de afectación cutánea o positividad de un Ac específico. &lt;br />&lt;br /></subfield>
  </datafield>
  <datafield tag="521" ind1=" " ind2=" ">
    <subfield code="a">Graduado en Medicina</subfield>
  </datafield>
  <datafield tag="540" ind1=" " ind2=" ">
    <subfield code="a">Derechos regulados por licencia Creative Commons</subfield>
  </datafield>
  <datafield tag="700" ind1=" " ind2=" ">
    <subfield code="a">Marín Ballve, Adela</subfield>
    <subfield code="e">dir.</subfield>
  </datafield>
  <datafield tag="700" ind1=" " ind2=" ">
    <subfield code="a">Gracia Tello, Borja del Carmelo</subfield>
    <subfield code="e">dir.</subfield>
  </datafield>
  <datafield tag="710" ind1="2" ind2=" ">
    <subfield code="a">Universidad de Zaragoza</subfield>
    <subfield code="b">Medicina, Psiquiatría y Dermatología</subfield>
    <subfield code="c"></subfield>
  </datafield>
  <datafield tag="856" ind1="0" ind2=" ">
    <subfield code="f">759463@unizar.es</subfield>
  </datafield>
  <datafield tag="856" ind1="4" ind2=" ">
    <subfield code="s">2050331</subfield>
    <subfield code="u">http://zaguan.unizar.es/record/155060/files/TAZ-TFG-2023-1017.pdf</subfield>
    <subfield code="y">Memoria (spa)</subfield>
  </datafield>
  <datafield tag="856" ind1="4" ind2=" ">
    <subfield code="s">74662</subfield>
    <subfield code="u">http://zaguan.unizar.es/record/155060/files/TAZ-TFG-2023-1017_ANE.pdf</subfield>
    <subfield code="y">Anexos (spa)</subfield>
  </datafield>
  <datafield tag="909" ind1="C" ind2="O">
    <subfield code="o">oai:zaguan.unizar.es:155060</subfield>
    <subfield code="p">driver</subfield>
    <subfield code="p">trabajos-fin-grado</subfield>
  </datafield>
  <datafield tag="950" ind1=" " ind2=" ">
    <subfield code="a"></subfield>
  </datafield>
  <datafield tag="980" ind1=" " ind2=" ">
    <subfield code="a">TAZ</subfield>
    <subfield code="b">TFG</subfield>
    <subfield code="c">MED</subfield>
  </datafield>
  <datafield tag="999" ind1=" " ind2=" ">
    <subfield code="a">20230529172929.CREATION_DATE</subfield>
  </datafield>
  <datafield tag="951" ind1=" " ind2=" ">
    <subfield code="a">deposita:2025-05-15</subfield>
  </datafield>
</record>
</collection>